| 000 | 00378nam a2200109Ia 4500 | ||
|---|---|---|---|
| 008 | 171204s9999 xx 000 0 und d | ||
| 245 | _aClinical Psychology for Trainees: Foundations Of Science-Informed Practice | ||
| 245 | _cAndrew C. Page and Werner G. K. Stritzke | ||
| 260 | _c2014 | ||
| 650 | _xCLINICAL PSYCHOLOGY | ||
| 856 | _uhttp://down.ebook777.com/037/9781107613980.pdf | ||
| 999 |
_c346411 _d346411 |
||